La noche abierta

Enregistré dans:
Détails bibliographiques
Auteur principal: Butazzoni, Fernando
Format: Livre
Langue:Undetermined
Publié: San José, Costa Rica EDUCA 1982
Sujets:
Tags: Ajouter un tag
Pas de tags, Soyez le premier à ajouter un tag!

MARC

LEADER 00000nam a2200000Ia 4500
008 170316s9999 xx 000 0 und d
040 |a cru BVZT 
090 |a 862 B-25n 
100 |a Butazzoni, Fernando 
245 |a La noche abierta 
260 |a San José, Costa Rica 
260 |b EDUCA 
260 |c 1982 
300 |a 244 páginas 
650 |a LITERATURA ESPAÑOLA 
650 |a NOVELA URUGUAYA 
999 |c 9545  |d 9545 
942 |c 15 D  |h 862 B-25n  |2 z